Guide to Energy Management / (Record no. 16424)
[ view plain ]
| 000 -LEADER | |
|---|---|
| fixed length control field | 01441cam a22003374a 4500 |
| 001 - CONTROL NUMBER | |
| control field | 16838971 |
| 005 - DATE AND TIME OF LATEST TRANSACTION | |
| control field | 20120126094850.0 |
| 008 - FIXED-LENGTH DATA ELEMENTS--GENERAL INFORMATION | |
| fixed length control field | 110622s2012 gaua |dbf 001 0 eng |
| 020 ## - INTERNATIONAL STANDARD BOOK NUMBER | |
| International Standard Book Number | 0881736716 (alk. paper) |
| 020 ## - INTERNATIONAL STANDARD BOOK NUMBER | |
| International Standard Book Number | 9780881736717 (alk. paper) |
| 020 ## - INTERNATIONAL STANDARD BOOK NUMBER | |
| Cancelled/invalid ISBN | 0881736724 (electronic) |
| 020 ## - INTERNATIONAL STANDARD BOOK NUMBER | |
| Cancelled/invalid ISBN | 9780881736724 (electronic) |
| 020 ## - INTERNATIONAL STANDARD BOOK NUMBER | |
| International Standard Book Number | 9781439883488 (alk. paper) |
| 020 ## - INTERNATIONAL STANDARD BOOK NUMBER | |
| International Standard Book Number | 1439883483 (alk. paper) |
| 040 ## - CATALOGING SOURCE | |
| Original cataloging agency | DLC |
| Transcribing agency | DLC |
| Modifying agency | YDX |
| -- | YDXCP |
| -- | UKMGB |
| -- | DLC |
| 082 00 - DEWEY DECIMAL CLASSIFICATION NUMBER | |
| Classification number | 621.042 |
| Edition number | 23 |
| Item number | CAP |
| 100 1# - MAIN ENTRY--PERSONAL NAME | |
| Personal name | Capehart, B. L. |
| Fuller form of name | (Barney L.) |
| 9 (RLIN) | 28736 |
| 245 10 - TITLE STATEMENT | |
| Title | Guide to Energy Management / |
| Statement of responsibility, etc | by Barney L. Capehart, Wayne C. Turner, William J. Kennedy. |
| 250 ## - EDITION STATEMENT | |
| Edition statement | 7th ed. |
| 260 ## - PUBLICATION, DISTRIBUTION, ETC. (IMPRINT) | |
| Place of publication, distribution, etc | Lilburn, GA : |
| Name of publisher, distributor, etc | Fairmont Press ; |
| Place of publication, distribution, etc | Boca Raton, FL : |
| Name of publisher, distributor, etc | Distributed by Taylor & Francis, |
| Date of publication, distribution, etc | c2012. |
| 300 ## - PHYSICAL DESCRIPTION | |
| Extent | viii, 651 p. : |
| Other physical details | ill. ; |
| Dimensions | 24 cm. |
| 504 ## - BIBLIOGRAPHY, ETC. NOTE | |
| Bibliography, etc | Includes bibliographical references and index. |
| 650 #0 - SUBJECT ADDED ENTRY--TOPICAL TERM | |
| Topical term or geographic name as entry element | Energy conservation |
| Form subdivision | Handbooks, manuals, etc. |
| 9 (RLIN) | 28737 |
| 650 #0 - SUBJECT ADDED ENTRY--TOPICAL TERM | |
| Topical term or geographic name as entry element | Energy consumption |
| Form subdivision | Handbooks, manuals, etc. |
| 9 (RLIN) | 28738 |
| 653 ## - INDEX TERM--UNCONTROLLED | |
| Resource For college | |
| -- | |
| Arrived date list | February2012 |
| 700 1# - ADDED ENTRY--PERSONAL NAME | |
| Personal name | Turner, Wayne C., |
| Dates associated with a name | 1942- |
| 9 (RLIN) | 28739 |
| 700 1# - ADDED ENTRY--PERSONAL NAME | |
| Personal name | Kennedy, William J., |
| Dates associated with a name | 1938- |
| 9 (RLIN) | 28740 |
| 942 ## - ADDED ENTRY ELEMENTS (KOHA) | |
| Source of classification or shelving scheme | Dewey Decimal Classification |
| Item type | Book - Borrowing |
| Withdrawn status | Item status | Source of classification or shelving scheme | Damaged status | Not for loan | Vendor | Home library | Current library | Shelving location | Date acquired | Source of acquisition | Cost, normal purchase price | Serial Enumeration / chronology | Total Checkouts | Total Renewals | Full call number | Barcode | Date last seen | Date last borrowed | Koha item type |
|---|---|---|---|---|---|---|---|---|---|---|---|---|---|---|---|---|---|---|---|
| Dewey Decimal Classification | MERIC | Central Library | Central Library | First floor | 09/02/2012 | 944.00 | 13167 | 2 | 30 | 621.042 CAP | 000026035 | 15/07/2025 | 02/11/2023 | Book - Borrowing |